Seminar on pepper: Report and recommendations (Record no. 26420)

MARC details
000 -LEADER
fixed length control field 00323nam a2200109Ia 4500
082 ## - DEWEY DECIMAL CLASSIFICATION NUMBER
Classification number 633.841(047)
Item number SPI
245 #0 - TITLE STATEMENT
Title Seminar on pepper: Report and recommendations
260 ## - PUBLICATION, DISTRIBUTION, ETC. (IMPRINT)
Place of publication Ernakulam
Name of publisher Spices Export Promotion Council
Year of publication 1967
650 ## - SUBJECT ADDED ENTRY--TOPICAL TERM
Topical Term Pepper cultivation
942 ## - ADDED ENTRY ELEMENTS (KOHA)
Koha item type Books
Holdings
Withdrawn status Lost status Damaged status Not for loan Home library Current library Date acquired Source of acquisition Full call number Accession Number Koha item type
        RRII Library RRII Library 16/12/2021 Auction 633.841(047) SPI 07056 Books